000 00973nam a2200253Ia 4500
003 OSt
005 20220930082540.0
006 a|||||r|||| 00| 0
007 ta
008 220926b |||||||| |||| 00| 0 eng d
024 _a36061
037 _cTheses
040 _aCRL
_cCRL
_beng
041 _2eng
_aeng
100 _aSharma Puneet
_9531778
110 _aUniversity of Delhi. Faculty of Medical Sciences. Department of Anaesthesiology
_9519568
245 0 _aComparison of use of ephedrine infusion and crystalloid preloading in preventing maternal hypotension in obstetric patients undergoing elective lower segment caesarean section under spinal anaesthesia
260 _c1999
650 _aANESTHETICS
_9519569
700 _a Dr B K Naithani Supervisor
_9531779
700 _aUniversity of Delhi. Faculty of Medical Sciences. Department of Anaesthesiology
_9519571
942 _cDIS
_2CC
999 _c873403
_d873403